[Event "EU-ch U16 Girls"]
[Site "Prague"]
[Date "2012.08.23"]
[Round "7"]
[White "Amiridou, Dimitra"]
[Black "Skakun, Valentina"]
[Result "1-0"]
[WhiteElo "1752"]
[BlackElo "1884"]
[PlyCount "47"]
[EventDate "2012.08.17"]
[EventType "swiss"]
[EventRounds "9"]
[EventCountry "CZE"]
[SourceTitle "CBM 150 Extra"]
[Source "ChessBase"]
[SourceDate "2012.10.19"]
[SourceVersion "1"]
[SourceVersionDate "2012.10.19"]
[SourceQuality "1"]

1. e4 c5 2. Nf3 g6 3. c4 Bg7 4. d4 cxd4 5. Nxd4 Nc6 6. Be3 Nf6 7. f3 0-0 8. Qd2 b6 9. Nc3 Bb7 10. Be2 e6 11. Ndb5 d5 12. cxd5 exd5 13. exd5 Ne7 14. d6 Nf5 15. Bf4 Nh5 16. Bg5 f6 17. Be3 Nxe3 18. Qxe3 f5 19. Qe7 Ba6 20. Nc7 Bxc3+ 21. bxc3 Bxe2 22. Qxe2 Qd7 23. Qc4+ Kh8 24. Qd4+ 1-0

[Event "Moscow op (Women)"]
[Site "Moscow"]
[Date "2012.02.04"]
[Round "8"]
[White "Vyalykh, Anastasiya"]
[Black "Skakun, Valentina"]
[Result "1/2-1/2"]
[WhiteElo "1764"]
[BlackElo "1937"]
[PlyCount "102"]
[EventDate "2012.01.28"]
[EventType "swiss"]
[EventRounds "9"]
[EventCountry "RUS"]
[SourceTitle "CBM 146 Extra"]
[Source "ChessBase"]
[SourceDate "2012.02.29"]
[SourceVersion "1"]
[SourceVersionDate "2012.02.29"]
[SourceQuality "1"]

1. e4 c5 2. Nf3 Nc6 3. d4 cxd4 4. Nxd4 g6 5. c4 Bg7 6. Be3 Nh6 7. Nc3 0-0 8. Be2 d6 9. Qd2 Ng4 10. Bxg4 Bxg4 11. f3 Bd7 12. 0-0 a6 13. Rac1 Qa5 14. b3 Rfc8 15. Rfd1 Nxd4 16. Bxd4 Bxd4+ 17. Qxd4 Be6 18. Rc2 Qc5 19. Nd5 Bxd5 20. exd5 b5 21. Qxc5 Rxc5 22. Kf2 Rac8 23. Rd4 f6 24. Ke3 Kf7 25. Kd3 e5 26. dxe6+ Kxe6 27. Re2+ Re5 28. Ree4 f5 29. Rh4 Rc7 30. cxb5 axb5 31. a4 Rec5 32. axb5 Rc3+ 33. Ke2 Rxb3 34. Rb4 Rxb4 35. Rxb4 Kd5 36. Kd3 Rb7 37. g4 Kc5 38. Rc4+ Kxb5 39. gxf5 gxf5 40. Rc8 Rg7 41. Rc2 Kb6 42. Kd4 Rc7 43. Rg2 Kc6 44. Rg5 Rf7 45. f4 h6 46. Rh5 Rf6 47. Rh3 Re6 48. Rc3+ Kd7 49. Kd5 Re4 50. Rf3 Ra4 51. Rh3 Rxf4 1/2-1/2

[Event "Moscow op (Women)"]
[Site "Moscow"]
[Date "2012.02.03"]
[Round "7"]
[White "Skakun, Valentina"]
[Black "Borisova, Elizaveta"]
[Result "0-1"]
[WhiteElo "1937"]
[BlackElo "2219"]
[PlyCount "56"]
[EventDate "2012.01.28"]
[EventType "swiss"]
[EventRounds "9"]
[EventCountry "RUS"]
[SourceTitle "CBM 146 Extra"]
[Source "ChessBase"]
[SourceDate "2012.02.29"]
[SourceVersion "1"]
[SourceVersionDate "2012.02.29"]
[SourceQuality "1"]

1. d4 Nf6 2. c4 e6 3. Nc3 Bb4 4. Qc2 0-0 5. a3 Bxc3+ 6. Qxc3 d6 7. Nf3 Nbd7 8. e3 b6 9. Bd3 Bb7 10. b4 e5 11. Be2 Ne4 12. Qc2 Ng5 13. d5 Nxf3+ 14. Bxf3 f5 15. e4 f4 16. a4 a5 17. b5 Nf6 18. Bd2 Bc8 19. h3 Qe8 20. 0-0-0 Qg6 21. Rdg1 Nd7 22. g3 Qe8 23. Bc3 Nc5 24. Kd1 Bd7 25. Rg2 Qe7 26. gxf4 Rxf4 27. Bd2 Qf6 28. Bxf4 Qxf4 0-1

[Event "Moscow op (Women)"]
[Site "Moscow"]
[Date "2012.01.31"]
[Round "4"]
[White "Grigorian, Marine"]
[Black "Skakun, Valentina"]
[Result "1-0"]
[WhiteElo "2205"]
[BlackElo "1937"]
[PlyCount "79"]
[EventDate "2012.01.28"]
[EventType "swiss"]
[EventRounds "9"]
[EventCountry "RUS"]
[SourceTitle "CBM 146 Extra"]
[Source "ChessBase"]
[SourceDate "2012.02.29"]
[SourceVersion "1"]
[SourceVersionDate "2012.02.29"]
[SourceQuality "1"]

1. e4 c5 2. Nc3 Nc6 3. Bb5 g6 4. Bxc6 bxc6 5. d3 Bg7 6. f4 d6 7. Nf3 e6 8. 0-0 Ne7 9. Bd2 0-0 10. Rb1 Rb8 11. b3 Qc7 12. Qe1 Bd7 13. Qh4 Nc8 14. Rbe1 Nb6 15. e5 d5 16. Ng5 h6 17. Nf3 Qd8 18. Qf2 Qe7 19. Bc1 d4 20. Ne4 Nd5 21. Ba3 Nb4 22. Rd1 f5 23. exf6 Bxf6 24. Nxf6+ Qxf6 25. Ne5 Be8 26. c3 dxc3 27. Qxc5 Rb5 28. Qxc3 Nd5 29. Qd2 c5 30. d4 Nxf4 31. g3 Nh3+ 32. Kg2 Qe7 33. Kxh3 Rf5 34. Rxf5 exf5 35. Re1 Qd8 36. d5 g5 37. Kg2 Ra5 38. Nc4 Ra6 39. Kg1 Bf7 40. Bxc5 1-0

[Event "Tambov Korensky Memorial 20th"]
[Site "Tambov"]
[Date "2011.08.25"]
[Round "6"]
[White "Skakun, Valentina"]
[Black "Ochneva, Inga"]
[Result "1-0"]
[WhiteElo "1959"]
[BlackElo "1810"]
[PlyCount "65"]
[EventDate "2011.08.20"]
[EventType "swiss"]
[EventRounds "9"]
[EventCountry "RUS"]
[SourceTitle "CBM 144 Extra"]
[Source "ChessBase"]
[SourceDate "2011.10.28"]
[SourceVersion "1"]
[SourceVersionDate "2011.10.28"]
[SourceQuality "1"]

1. d4 c5 2. d5 Nf6 3. c4 e5 4. Nc3 d6 5. e4 Be7 6. Bd3 0-0 7. h3 Ne8 8. Nf3 Kh8 9. Be3 g6 10. Qc2 Ng7 11. 0-0-0 Na6 12. Rdg1 Nb4 13. Qd2 Nxd3+ 14. Qxd3 f5 15. Bh6 a6 16. g4 f4 17. h4 Bd7 18. g5 Qe8 19. h5 gxh5 20. Nh4 Rg8 21. Nf5 Bf8 22. Bxg7+ Bxg7 23. Nxd6 Qe7 24. Nf5 Qf7 25. d6 b5 26. Nd5 bxc4 27. Qd2 Bxf5 28. exf5 Rgd8 29. Ne7 Bf8 30. g6 Qf6 31. Rxh5 Bxe7 32. Rxh7+ Kg8 33. Qd5+ 1-0

[Event "Tambov Korensky Memorial 20th"]
[Site "Tambov"]
[Date "2011.08.23"]
[Round "4"]
[White "Skakun, Valentina"]
[Black "Skomorohov, Grigorij"]
[Result "0-1"]
[WhiteElo "1959"]
[BlackElo "2201"]
[PlyCount "64"]
[EventDate "2011.08.20"]
[EventType "swiss"]
[EventRounds "9"]
[EventCountry "RUS"]
[SourceTitle "CBM 144 Extra"]
[Source "ChessBase"]
[SourceDate "2011.10.28"]
[SourceVersion "1"]
[SourceVersionDate "2011.10.28"]
[SourceQuality "1"]

1. d4 d5 2. c4 e6 3. Nc3 f5 4. g3 Nf6 5. Bg2 c6 6. Nf3 Be7 7. 0-0 0-0 8. Bf4 Ne4 9. Qc2 Bd7 10. Rab1 Be8 11. b4 a6 12. a4 Nd7 13. b5 axb5 14. axb5 g5 15. bxc6 bxc6 16. Be5 g4 17. Ne1 Nxe5 18. dxe5 Ra3 19. Nxe4 dxe4 20. Qb2 Qc7 21. f4 Qa7+ 22. Kh1 Ra2 23. Qb6 Qa4 24. Qb7 Bc5 25. Qc8 Bf7 26. Qc7 Rxe2 27. h4 Qa2 28. Rb8 Qxc4 29. Rxf8+ Bxf8 30. Qd8 h6 31. Rg1 Qc3 32. Qd1 Rd2 0-1

[Event "Moscow op-F (Women)"]
[Site "Moscow"]
[Date "2011.02.03"]
[Round "6"]
[White "Saikhanzaya, Ganbaatar"]
[Black "Skakun, Valentina"]
[Result "0-1"]
[WhiteElo "1704"]
[BlackElo "1925"]
[PlyCount "162"]
[EventDate "2011.01.29"]
[EventType "swiss"]
[EventRounds "9"]
[EventCountry "RUS"]
[SourceTitle "CBM 140 Extra"]
[Source "ChessBase"]
[SourceDate "2011.03.01"]
[SourceVersion "1"]
[SourceVersionDate "2011.03.01"]
[SourceQuality "1"]

1. d4 d5 2. c4 e6 3. Nc3 c6 4. e3 f5 5. Qc2 Bd6 6. Bd3 Nd7 7. c5 Bc7 8. Nge2 Ngf6 9. f3 0-0 10. 0-0 Nh5 11. Bd2 Qh4 12. f4 Nhf6 13. Rf3 Ne4 14. Bxe4 dxe4 15. Rh3 Qe7 16. b4 Nf6 17. b5 Nd5 18. Qb3 h6 19. Kh1 Qf6 20. Rg1 g5 21. g4 fxg4 22. Rhg3 h5 23. Nxe4 Qg6 24. Nxg5 Bd8 25. Qb1 Qxb1 26. Rxb1 Bxg5 27. fxg5 cxb5 28. e4 Nc7 29. Nf4 h4 30. Rxg4 e5 31. Rxh4 exf4 32. Rxf4 Bd7 33. d5 Na6 34. Rc1 Rac8 35. Rxf8+ Kxf8 36. Be3 Nb4 37. a3 Nd3 38. Rc3 Ne5 39. Bd4 Re8 40. h4 Bg4 41. Kg2 Nc4 42. e5 Nxe5 43. Bxe5 Rxe5 44. Kg3 Be2 45. c6 bxc6 46. dxc6 Bc4 47. a4 a6 48. Rf3+ Kg7 49. axb5 axb5 50. Rf6 Rc5 51. Rd6 Bf7 52. Kf4 Be8 53. Ke4 Bxc6+ 54. Kd4 Rc4+ 55. Kd3 Be8 56. Rb6 Rxh4 57. Kc3 Rg4 58. Re6 Bf7 59. Re5 b4+ 60. Kb2 b3 61. Re2 Rxg5 62. Rf2 Rg3 63. Re2 Bh5 64. Rf2 Bd1 65. Rd2 Bc2 66. Rd7+ Kf6 67. Rd2 Ke5 68. Re2+ Kd4 69. Rd2+ Ke3 70. Rh2 Kf3 71. Rd2 Rg2 72. Rxg2 Kxg2 73. Ka1 Kf3 74. Kb2 Ke3 75. Ka1 Bf5 76. Kb2 Be6 77. Ka1 Kd4 78. Kb2 Kc5 79. Kc3 Bf7 80. Kb2 Kb4 81. Kb1 Ka3 0-1

[Event "Moscow op-F (Women)"]
[Site "Moscow"]
[Date "2011.01.31"]
[Round "3"]
[White "Shaydullina, Sandugach"]
[Black "Skakun, Valentina"]
[Result "1-0"]
[WhiteElo "2207"]
[BlackElo "1925"]
[PlyCount "53"]
[EventDate "2011.01.29"]
[EventType "swiss"]
[EventRounds "9"]
[EventCountry "RUS"]
[SourceTitle "CBM 140 Extra"]
[Source "ChessBase"]
[SourceDate "2011.03.01"]
[SourceVersion "1"]
[SourceVersionDate "2011.03.01"]
[SourceQuality "1"]

1. d4 d5 2. c4 e6 3. Nf3 c6 4. Bg5 Bb4+ 5. Nbd2 Ne7 6. a3 Bd6 7. e4 dxe4 8. Nxe4 Bc7 9. Bd3 0-0 10. 0-0 f6 11. Bc1 Nd7 12. b4 e5 13. Bb2 exd4 14. Nxd4 Ne5 15. Be2 Nf5 16. c5 Nxd4 17. Qxd4 Be6 18. Rad1 Qe7 19. f4 Nf7 20. Bd3 Bd5 21. Rde1 Qd7 22. Re3 Be6 23. Nxf6+ gxf6 24. Qxf6 Ne5 25. Rg3+ Ng4 26. Rxg4+ Bxg4 27. Bc4+ 1-0

[Event "Moscow op-F (Women)"]
[Site "Moscow"]
[Date "2011.01.29"]
[Round "1"]
[White "Mirzoeva, Elmira"]
[Black "Skakun, Valentina"]
[Result "1-0"]
[WhiteElo "2216"]
[BlackElo "1925"]
[PlyCount "79"]
[EventDate "2011.01.29"]
[EventType "swiss"]
[EventRounds "9"]
[EventCountry "RUS"]
[SourceTitle "CBM 140 Extra"]
[Source "ChessBase"]
[SourceDate "2011.03.01"]
[SourceVersion "1"]
[SourceVersionDate "2011.03.01"]
[SourceQuality "1"]

1. d4 d5 2. Nf3 c6 3. c4 e6 4. Nbd2 f5 5. g3 Bd6 6. Bg2 Nf6 7. 0-0 Nbd7 8. b3 0-0 9. Bb2 Qe7 10. Ne5 Ne4 11. Nxe4 fxe4 12. f3 Nxe5 13. dxe5 Bc5+ 14. Kh1 exf3 15. exf3 Bd7 16. f4 Rad8 17. Qg4 Kh8 18. h4 Qf7 19. Rac1 b6 20. h5 Be8 21. Bh3 Qxh5 22. Qxh5 Bxh5 23. Bxe6 Be2 24. Rfe1 Bd3 25. cxd5 cxd5 26. Kh2 Be4 27. Red1 Bf3 28. Rf1 Be2 29. Rfe1 Bd3 30. Red1 Be4 31. Bd4 Bxd4 32. Rxd4 g5 33. Rf1 Bf5 34. Bxf5 Rxf5 35. Kg2 Rdf8 36. Rf3 Rc8 37. Rxd5 Rc2+ 38. Kg1 Rxa2 39. Rd7 Re2 40. Rc3 1-0

[Event "Tambov Korensky Memorial 19th"]
[Site "Tambov"]
[Date "2010.08.27"]
[Round "7"]
[White "Skakun, Valentina"]
[Black "Lukovnikov, Alexander"]
[Result "0-1"]
[WhiteElo "1872"]
[BlackElo "2351"]
[PlyCount "68"]
[EventDate "2010.08.21"]
[EventType "swiss"]
[EventRounds "9"]
[EventCountry "RUS"]
[SourceTitle "EXT 2022"]
[Source "ChessBase"]
[SourceDate "2021.10.06"]
[SourceVersion "1"]
[SourceVersionDate "2021.10.06"]
[SourceQuality "1"]

1. d4 d5 2. c4 Nc6 3. cxd5 Qxd5 4. Nf3 e5 5. Nc3 Bb4 6. Bd2 Bxc3 7. Bxc3 e4 8. Ne5 Nxe5 9. dxe5 Ne7 10. e3 0-0 11. Qxd5 Nxd5 12. Bd4 Be6 13. a3 Rfd8 14. f4 Nxf4 15. exf4 Rxd4 16. Ke2 Rad8 17. Ke3 c5 18. Be2 f5 19. exf6 gxf6 20. f5 Bxf5 21. Rhf1 Bg6 22. Rxf6 Kg7 23. Rf4 Rd2 24. Rb1 Rc2 25. Bf1 Rd6 26. b4 c4 27. a4 Rc3+ 28. Ke2 e3 29. Rd1 Rc2+ 30. Ke1 Rxd1+ 31. Kxd1 Bd3 32. Bxd3 cxd3 33. Re4 e2+ 34. Ke1 Rc1+ 0-1

[Event "Tambov Korensky Memorial 19th"]
[Site "Tambov"]
[Date "2010.08.25"]
[Round "5"]
[White "Nikolaev, Alexey S"]
[Black "Skakun, Valentina"]
[Result "1/2-1/2"]
[WhiteElo "2040"]
[BlackElo "1872"]
[PlyCount "122"]
[EventDate "2010.08.21"]
[EventType "swiss"]
[EventRounds "9"]
[EventCountry "RUS"]
[SourceTitle "EXT 2022"]
[Source "ChessBase"]
[SourceDate "2021.10.06"]
[SourceVersion "1"]
[SourceVersionDate "2021.10.06"]
[SourceQuality "1"]

1. e4 c5 2. d4 cxd4 3. c3 dxc3 4. Nxc3 Nc6 5. Nf3 d6 6. h3 e6 7. Bc4 Be7 8. Qe2 Nf6 9. 0-0 0-0 10. Bf4 e5 11. Be3 Be6 12. Rfd1 Rc8 13. Bb5 a6 14. Bxc6 Rxc6 15. Nxe5 Rxc3 16. bxc3 Qc7 17. Nf3 Nxe4 18. Rdc1 Rc8 19. Bd4 Bf5 20. Qb2 Nc5 21. Qd2 Ne6 22. Qe3 Qc6 23. Re1 h6 24. a4 Bg6 25. Rec1 Be4 26. Re1 Bd5 27. Reb1 Bd8 28. Ne1 Bg5 29. Qg3 Nf4 30. Rb2 Re8 31. h4 Nh5 32. Qg4 Nf6 33. Qh3 Be6 34. Qh2 Ng4 35. Qg3 Bf6 36. Nf3 Bd8 37. Re1 Nf6 38. Bxf6 Bxf6 39. Nd4 Bxd4 40. cxd4 Qxa4 41. Qxd6 Qa5 42. Rbe2 Rd8 43. Qf4 Qf5 44. Qxf5 Bxf5 45. Re8+ Rxe8 46. Rxe8+ Kh7 47. Re7 Kg6 48. Rxb7 Bd3 49. f3 Kf6 50. Kf2 Ke6 51. Ke3 Bb5 52. Ra7 Bc4 53. Ke4 Bd5+ 54. Kf4 Bc4 55. g4 Kf6 56. Ke4 Ke6 57. f4 g6 58. f5+ gxf5+ 59. gxf5+ Kd6 60. Ke3 Kc6 61. f6 Kd6 1/2-1/2

[Event "Tambov Korensky Memorial 19th"]
[Site "Tambov"]
[Date "2010.08.24"]
[Round "4"]
[White "Skakun, Valentina"]
[Black "Schirov, Sergey"]
[Result "0-1"]
[WhiteElo "1872"]
[BlackElo "1987"]
[PlyCount "80"]
[EventDate "2010.08.21"]
[EventType "swiss"]
[EventRounds "9"]
[EventCountry "RUS"]
[SourceTitle "EXT 2022"]
[Source "ChessBase"]
[SourceDate "2021.10.06"]
[SourceVersion "1"]
[SourceVersionDate "2021.10.06"]
[SourceQuality "1"]

1. d4 Nf6 2. c4 c5 3. d5 b5 4. cxb5 a6 5. bxa6 Bxa6 6. Nc3 d6 7. g3 g6 8. Bg2 Bg7 9. Nf3 0-0 10. 0-0 Nbd7 11. Qc2 Qb8 12. Rd1 Rc8 13. Rb1 Qa7 14. b3 Rcb8 15. h3 Rb7 16. a3 Rab8 17. Be3 Qa8 18. Nd2 Nb6 19. b4 cxb4 20. axb4 Rc7 21. b5 Bc8 22. Qb3 Nfd7 23. Na2 Nc5 24. Bxc5 Rxc5 25. Ne4 Rc4 26. Nb4 Bf5 27. Rbc1 Rxe4 28. Bxe4 Bxe4 29. g4 Qa4 30. Qxa4 Nxa4 31. Nc6 Rxb5 32. Nd4 Rc5 33. Nc6 Nc3 34. Re1 Nxe2+ 35. Rxe2 Rxc1+ 36. Kh2 Bf3 37. Re3 Rc3 38. Rxe7 Bf6 39. Re1 Kg7 40. Nb4 Rb3 0-1

[Event "Moscow-ch (Women)"]
[Site "Moscow"]
[Date "2010.05.26"]
[Round "6"]
[White "Skakun, Valentina"]
[Black "Severina, Maria"]
[Result "1/2-1/2"]
[WhiteElo "1855"]
[BlackElo "1997"]
[PlyCount "131"]
[EventDate "2010.05.21"]
[EventType "swiss"]
[EventRounds "9"]
[EventCountry "RUS"]
[SourceTitle "CBM 136 Extra"]
[Source "ChessBase"]
[SourceDate "2010.07.02"]
[SourceVersion "2"]
[SourceVersionDate "2010.07.15"]
[SourceQuality "1"]

1. d4 Nf6 2. c4 e6 3. Nc3 Bb4 4. Qc2 c5 5. dxc5 Bxc5 6. Bf4 Nc6 7. e3 Nh5 8. Bg3 b6 9. Nf3 Nxg3 10. hxg3 h6 11. Be2 Bb7 12. 0-0 0-0 13. a3 a5 14. Rfd1 Rc8 15. Rd2 Qe7 16. Rad1 Rfd8 17. Qb3 Na7 18. Na4 Rb8 19. Nc3 Qe8 20. Ne1 Ba6 21. Qa4 Bc8 22. Ne4 Bb7 23. Nxc5 Bc6 24. Qc2 bxc5 25. Bf3 d5 26. cxd5 Ba4 27. Qxc5 Bxd1 28. Rxd1 Nc8 29. dxe6 fxe6 30. Qxa5 Rxd1 31. Bxd1 Rxb2 32. Bh5 Qf8 33. Nd3 Rb1+ 34. Kh2 Qf5 35. Qd8+ Qf8 36. Qd7 Rb6 37. Nf4 Rd6 38. Qc7 e5 39. Ng6 Qd8 40. Qxc8 Qxc8 41. Ne7+ Kf8 42. Nxc8 Ra6 43. a4 Rxa4 44. Nb6 Ra2 45. Nd7+ Ke7 46. Nxe5 Rxf2 47. Bf3 Ke6 48. Ng6 Kf6 49. Nf4 g5 50. Nh5+ Ke5 51. g4 Ra2 52. Kg3 Ra3 53. e4 Ra7 54. Kh3 Rc7 55. Ng3 Rc1 56. Ne2 Rf1 57. Kg3 Ra1 58. Nc3 Rc1 59. Nd5 Ra1 60. Nc3 Rc1 61. Ne2 Rf1 62. Kh2 Ra1 63. Ng3 Rb1 64. Nh1 Rf1 65. Be2 Rb1 66. Ng3 1/2-1/2

[Event "Moscow-ch (Women)"]
[Site "Moscow"]
[Date "2010.05.21"]
[Round "1"]
[White "Skakun, Valentina"]
[Black "Bogumil, Tatiana"]
[Result "1/2-1/2"]
[WhiteElo "1855"]
[BlackElo "2187"]
[PlyCount "81"]
[EventDate "2010.05.21"]
[EventType "swiss"]
[EventRounds "9"]
[EventCountry "RUS"]
[SourceTitle "CBM 136 Extra"]
[Source "ChessBase"]
[SourceDate "2010.07.02"]
[SourceVersion "2"]
[SourceVersionDate "2010.07.15"]
[SourceQuality "1"]

1. d4 Nf6 2. c4 e6 3. Nc3 d5 4. cxd5 exd5 5. Bg5 Be7 6. Qc2 c6 7. e3 Nbd7 8. Bd3 0-0 9. Nf3 Re8 10. 0-0 Nf8 11. Rab1 a5 12. a3 h6 13. Bh4 Ne4 14. Bxe7 Qxe7 15. b4 Nd7 16. b5 Nxc3 17. Qxc3 c5 18. dxc5 Nxc5 19. Rbc1 b6 20. Nd4 Qg5 21. Kh1 Bd7 22. Nb3 Rac8 23. Nxc5 Rxc5 24. Qd4 Rec8 25. Rxc5 bxc5 26. Qa4 Qd8 27. Rb1 c4 28. Be2 Qb6 29. Qc2 g6 30. Qc3 Bf5 31. Rb2 a4 32. Bd1 Rc5 33. Bxa4 h5 34. h3 Bd3 35. Rb4 Bf5 36. Rb2 Kh7 37. Rb4 Be4 38. Kg1 Bf5 39. Kf1 Be4 40. Kg1 Bf5 41. Kh1 1/2-1/2

[Event "RSSU-18 op"]
[Site "Moscow"]
[Date "2009.10.25"]
[Round "6"]
[White "Gavrjuchenkova, Angelina"]
[Black "Skakun, Valentina"]
[Result "1/2-1/2"]
[WhiteElo "1953"]
[BlackElo "1833"]
[PlyCount "47"]
[EventDate "2009.10.17"]
[EventType "swiss"]
[EventRounds "9"]
[EventCountry "RUS"]
[SourceTitle "EXT 2022"]
[Source "ChessBase"]
[SourceDate "2021.10.06"]
[SourceVersion "1"]
[SourceVersionDate "2021.10.06"]
[SourceQuality "1"]

1. e4 c5 2. Nc3 Nc6 3. g3 g6 4. Bg2 Bg7 5. d3 e6 6. f4 Rb8 7. Nf3 Nge7 8. 0-0 0-0 9. Ne2 d5 10. e5 d4 11. g4 f6 12. exf6 Bxf6 13. Ng3 Nd5 14. Ne4 Bg7 15. Nfg5 e5 16. Nxc5 Ne3 17. Bxe3 dxe3 18. Nce6 Bxe6 19. Nxe6 Qb6 20. Qe2 Nd4 21. Nxd4 exd4 22. Bd5+ Kh8 23. Bb3 Qc5 24. Rac1 1/2-1/2

[Event "RSSU-18 op"]
[Site "Moscow"]
[Date "2009.10.22"]
[Round "4"]
[White "Geivondian, Arman"]
[Black "Skakun, Valentina"]
[Result "0-1"]
[WhiteElo "1919"]
[BlackElo "1833"]
[PlyCount "58"]
[EventDate "2009.10.17"]
[EventType "swiss"]
[EventRounds "9"]
[EventCountry "RUS"]
[SourceTitle "EXT 2022"]
[Source "ChessBase"]
[SourceDate "2021.10.06"]
[SourceVersion "1"]
[SourceVersionDate "2021.10.06"]
[SourceQuality "1"]

1. d4 d5 2. c4 e6 3. Nc3 c6 4. cxd5 exd5 5. Nf3 Bf5 6. Bf4 Nf6 7. e3 Bd6 8. Bxd6 Qxd6 9. Nh4 Bg6 10. Nxg6 hxg6 11. h3 0-0 12. Bd3 Nbd7 13. 0-0 Rfe8 14. Qc2 Re7 15. Rab1 g5 16. Qe2 g6 17. b4 Kg7 18. g3 Rae8 19. Qf3 Rh8 20. Kg2 Rxh3 21. Qe2 g4 22. Rfc1 Re8 23. a3 Reh8 24. Rh1 Nf8 25. Na4 Ne6 26. Nc5 Ng5 27. Nxb7 Qb8 28. Nc5 Rxh1 29. Rxh1 Rxh1 0-1

[Event "Kostroma Volga Cup op"]
[Site "Kostroma"]
[Date "2009.07.??"]
[Round "3"]
[White "Tsygankov, Alexander"]
[Black "Skakun, Valentina"]
[Result "1-0"]
[WhiteElo "2024"]
[BlackElo "1829"]
[PlyCount "77"]
[EventDate "2009.07.03"]
[EventType "swiss"]
[EventRounds "9"]
[EventCountry "RUS"]
[SourceTitle "EXT 2021"]
[Source "ChessBase"]
[SourceDate "2020.10.23"]
[SourceVersion "1"]
[SourceVersionDate "2020.10.23"]
[SourceQuality "1"]

1. d4 d5 2. Nf3 c6 3. Bf4 e6 4. e3 f5 5. Bd3 Nf6 6. Ne5 Bd6 7. Nd2 0-0 8. h3 Qe7 9. g4 b6 10. Rg1 c5 11. c3 Ne4 12. gxf5 exf5 13. Qh5 Nxd2 14. Kxd2 Bxe5 15. Bxe5 Rf7 16. Rg5 Nc6 17. Bf4 Qf6 18. Rag1 Bd7 19. Qf3 Be6 20. Bb5 Ne7 21. Be5 Qh6 22. Bxg7 Rxg7 23. Rxg7+ Qxg7 24. Rxg7+ Kxg7 25. Qg3+ Kf7 26. Qc7 Rg8 27. Qxa7 f4 28. dxc5 fxe3+ 29. Kxe3 bxc5 30. Bd7 d4+ 31. cxd4 cxd4+ 32. Kd3 Bd5 33. a4 Rd8 34. a5 Bg2 35. Qc7 Bf1+ 36. Kd2 Ra8 37. Qf4+ Kg7 38. Qxd4+ Kf7 39. Be6+ 1-0